[Event "Zonal 2.5 2013"]
[Site "Montevideo URU"]
[Date "2013.04.20"]
[Round "2.6"]
[White "Alonso,S"]
[Black "Daneri,M"]
[Result "1-0"]
[WhiteElo "2521"]
[BlackElo "2135"]

1.e4 e6 2.d4 d5 3.Nd2 Be7 4.Ngf3 Nf6 5.e5 Nfd7 6.Bd3 c5 7.c3 Nc6 8.O-O a5
9.a4 cxd4 10.cxd4 Nb4 11.Bb5 b6 12.Nb1 Ba6 13.Nc3 O-O 14.Be3 Nb8 15.Qe2 Qd7
16.Rfc1 N8c6 17.Nd2 Rfc8 18.f4 Bxb5 19.axb5 Na7 20.Ndb1 Rc7 21.Na3 Rac8 22.Bd2 Bd8
23.Rf1 g6 24.g4 f5 25.h3 Be7 26.Be1 Rf8 27.Rf3 Rcc8 28.Bg3 Rc7 29.Na4 Rb8
30.Rc3 Rbb7 31.Kh2 Nc8 32.Bf2 Kf7 33.Re1 Kg8 34.h4 Na2 35.Rh3 Rc1 36.gxf5 Rxe1
37.Bxe1 exf5 38.h5 Rc7 39.hxg6 hxg6 40.Kg1 Rc1 41.Qh2 Kf7 42.Rh8 Ke6 43.Qh7 Qb7
44.Qxg6+ Kd7 45.Qxf5+ Kc7 46.Kf2 Kb8 47.Bd2 Rc7 48.Qe6 Ka7 49.Nb1 Bb4 50.Nbc3 Bxc3
51.Nxc3 Nb4 52.Ke2 Ne7 53.f5 Nc2 54.Be3 a4 55.Nxa4 Nb4 56.Nc3 Nc2 57.Kd2 Na1
58.f6 Ng6 59.Rg8 Nh4 60.Qxd5 Nf3+ 61.Kd1 Qxd5 62.Nxd5 Rc4 63.f7  1-0

[Event "7th Agzamov Memorial"]
[Site "Tashkent UZB"]
[Date "2013.04.20"]
[Round "7"]
[White "Djumaev,Bakhtiyor"]
[Black "Djuraev,S"]
[Result "0-1"]
[WhiteElo "1986"]
[BlackElo "2350"]

1.e4 e6 2.d4 d5 3.Nd2 Nc6 4.Ngf3 Nf6 5.e5 Nd7 6.Bb5 a5 7.a4 Na7 8.Bd3 c5
9.c3 Nc6 10.Bb5 Qb6 11.dxc5 Nxc5 12.O-O Bd7 13.Qe2 Be7 14.Re1 Na7 15.b4 axb4
16.cxb4 Nxb5 17.bxc5 Bxc5 18.Nb3 Nc3 19.Qc2 Bxa4 20.Qxc3 Bxf2+ 21.Kh1 Bxe1
22.Nxe1 O-O 23.Nc5 Bc6 24.Be3 Qb5 25.Kg1 Rxa1 26.Qxa1 Qe2 27.Bf2 b6 28.Nb3 Ra8
29.Qc1 Ba4 30.Nd2 Qxe5 31.Bxb6 Bb5 32.Nef3 Qa1 33.Qxa1 Rxa1+ 34.Kf2 f6 35.Nd4 Bd7
36.N4b3 Ra2 37.Ke1 e5 38.Nc5 Bc6 39.Ne6 d4 40.g3 Bd5 41.Nc7 Bb7 42.Kd1 Ra1+
43.Ke2 Rh1 44.h4 Rh2+ 45.Ke1 Rg2 46.Nf1 Bf3 47.Ne6 Re2+  0-1

[Event "7th Agzamov Memorial"]
[Site "Tashkent UZB"]
[Date "2013.04.20"]
[Round "7"]
[White "Khamrakulov,D"]
[Black "Karimov,I"]
[Result "1-0"]
[WhiteElo "2429"]
[BlackElo "2307"]

1.e4 e6 2.d4 d5 3.Nd2 Nc6 4.Ngf3 Nf6 5.e5 Nd7 6.Nb3 f6 7.Bb5 a6 8.Bxc6 bxc6
9.O-O fxe5 10.Bg5 Be7 11.Bxe7 Qxe7 12.Nxe5 Nxe5 13.dxe5 c5 14.c4 c6 15.Rc1 d4
16.Qf3 Bb7 17.Na5 Rb8 18.Qa3 O-O 19.Nb3 Bc8 20.Nxd4 Qg5 21.Nxc6 Bb7 22.h4 Qxh4
23.Nxb8 Bxg2 24.Kxg2 Rf4 25.Rc3 Qh5 26.Rg3 Rh4 27.Qf3  1-0

[Event "Russian Juniors 2013"]
[Site "Loo RUS"]
[Date "2013.04.22"]
[Round "7"]
[White "Chigaev,M"]
[Black "Pakhomov,E"]
[Result "1-0"]
[WhiteElo "2454"]
[BlackElo "2454"]

1.e4 e6 2.d4 d5 3.Nd2 a6 4.Ngf3 c5 5.exd5 exd5 6.Be2 Nf6 7.O-O c4 8.c3 Bd6
9.b3 b5 10.a4 Bb7 11.Rb1 Qc7 12.bxc4 bxc4 13.Ne5 O-O 14.f4 Nc6 15.Bf3 Na5
16.Qc2 Nd7 17.Qf5 Rad8 18.Qh3 Bc8 19.g4 Nb6 20.Bd1 f6 21.Bc2 g6 22.Nxg6 hxg6
23.Bxg6 Qg7 24.f5 Nxa4 25.Ra1 Bd7 26.Nf3 Nb3 27.Bh6 Qh8 28.Ra2 Bf4 29.g5 fxg5
30.Rg2 g4 31.Bh7+ Kf7 32.Qh5+ Ke7 33.Bxf4 Nxc3 34.Ne5 Bxf5 35.Bg5+ Kd6 36.Rxf5 Nxd4
37.Be7+ Kxe7 38.Ng6+ Kd6 39.Nxh8 Rxh8 40.Rf6+ Kc5 41.Rxg4 Rhe8 42.Qf7 Ncb5
43.Rg8 Re1+ 44.Kf2 Re2+ 45.Kf1 Rxg8 46.Bxg8 Kb4 47.Qxd5 Rc2 48.Rf4 Rc1+ 49.Kg2 Rc2+
50.Kh3 Rc3+ 51.Kg4 Rc1 52.Rxd4 Nxd4 53.Qxd4 a5 54.Qb2+  1-0

[Event "Russian Junior Girls 2013"]
[Site "Loo RUS"]
[Date "2013.04.23"]
[Round "8"]
[White "Belenkaya,D"]
[Black "Bivol,A"]
[Result "1/2-1/2"]
[WhiteElo "2180"]
[BlackElo "2223"]

1.e4 e6 2.d4 d5 3.Nd2 Be7 4.Ngf3 Nf6 5.Bd3 c5 6.c3 Nc6 7.O-O cxd4 8.cxd4 dxe4
9.Nxe4 O-O 10.Be3 Nb4 11.Bb1 Nxe4 12.Bxe4 Nd5 13.Ne5 f5 14.Bf3 Qd6 15.Qb3 Rd8
16.Rac1 Bf6 17.Rfd1 g5 18.g3 a5 19.Rc5 a4 20.Qc2 Nxe3 21.fxe3 g4 22.Bg2 Bxe5
23.Rxe5 Bd7 24.Bxb7 Rab8 25.Bg2 Qb4 26.Rd2 Rb6 27.Rc5 Rdb8 28.Qc1 Rb5 29.Re2 R5b6
30.Rec2 Rd6 31.R5c4 Qa5 32.Rc5 Qb4 33.Qf1 Rdb6 34.Qf2 h6 35.Bf1 R6b7 36.Bd3 Qb6
37.Qf4 Qd8 38.Qf2 Kg7 39.Bc4 Rb4 40.b3 axb3 41.Bxb3 Ba4 42.Rc7+ Kg6 43.e4 Qxd4
44.exf5+ exf5 45.Qxd4 Rxd4 46.Bxa4 Rxa4 47.R2c6+ Kh5 48.Rf7 Rb1+ 49.Kf2 Rxa2+
50.Ke3 Re1+ 51.Kd3 Rd1+ 52.Ke3 Re1+ 53.Kd4 Rd2+ 54.Kc3 Rc1+ 55.Kxd2 Rxc6
56.Rxf5+ Kg6 57.Re5  1/2-1/2

[Event "Zonal 2.5 2013"]
[Site "Montevideo URU"]
[Date "2013.04.25"]
[Round "9.13"]
[White "Michailov,M"]
[Black "Daneri,M"]
[Result "1/2-1/2"]
[WhiteElo "2158"]
[BlackElo "2135"]

1.e4 e6 2.d4 d5 3.Nd2 Nc6 4.Ngf3 Nf6 5.e5 Nd7 6.Nb3 a5 7.a4 b6 8.Bb5 Ncb8
9.h4 c6 10.Bd3 Ba6 11.h5 h6 12.Rh3 Qc8 13.Bf4 Bxd3 14.Qxd3 Qa6 15.Qd2 c5
16.Nc1 Nc6 17.Ne2 b5  1/2-1/2

[Event "Western Pacific Open 2013"]
[Site "Los Angeles USA"]
[Date "2013.04.26"]
[Round "1"]
[White "Clawitter,C"]
[Black "Matamoros Franco,C"]
[Result "1/2-1/2"]
[WhiteElo "2090"]
[BlackElo "2545"]

1.e4 e6 2.d4 d5 3.Nd2 Nc6 4.Ngf3 Nf6 5.e5 Nd7 6.Bd3 f6 7.Ng5 Ndxe5 8.dxe5 fxg5
9.Qh5+ g6 10.Bxg6+ Kd7 11.f4 gxf4 12.Bd3 Qe8 13.Qe2 Nb4 14.O-O Nxd3 15.cxd3 b6
16.d4 a5 17.Rxf4 Ba6 18.Qf2 Be7 19.Nf3 Rf8 20.Rxf8 Qxf8 21.Qc2 Qg7 22.Be3 Rf8
23.Rc1 Bc4 24.Nd2 Rg8 25.g3 Bg5 26.Nxc4 dxc4 27.Bxg5 Qxg5 28.Qxc4 Qe3+ 29.Kg2 Qe4+
30.Kg1 Qe3+ 31.Kg2 Qe4+ 32.Kg1 Qe3+  1/2-1/2

[Event "48th Capablanca Mem Premier"]
[Site "Havana CUB"]
[Date "2013.04.27"]
[Round "6.2"]
[White "Davila,C"]
[Black "Pazos Gambarrotti,P"]
[Result "1-0"]
[WhiteElo "2304"]
[BlackElo "2298"]

1.e4 e6 2.d4 d5 3.Nd2 Nc6 4.Ngf3 Nf6 5.e5 Nd7 6.Bb5 a6 7.Bxc6 bxc6 8.O-O c5
9.c3 cxd4 10.cxd4 c5 11.dxc5 Nxc5 12.Nb3 Bd7 13.Bg5 Qb8 14.Nxc5 Bxc5 15.Rc1 Bb6
16.Qd2 O-O 17.Be7 Re8 18.Bd6 Qa7 19.Rc2 Rac8 20.Rfc1 Qb7 21.Bc5 Bd8 22.h3 h6
23.b3 a5 24.Nd4 Bc7 25.f4 Qa6 26.Rc3 Bb8 27.a3 Rc7 28.b4 Rec8 29.Nb3 a4 30.Nd4 g6
31.h4 h5 32.g4 hxg4 33.h5 Be8 34.hxg6 fxg6 35.Qg2 Rh7 36.Qxg4 Bf7 37.Rh3 Rxh3
38.Qxh3 Ba7 39.Rc2 Bxc5 40.bxc5 Qa5 41.Rh2 Qe1+ 42.Kg2 Kf8 43.Qh8+ Bg8 44.Qf6+ Ke8
45.Qxg6+ Ke7 46.Qg5+ Kf8 47.Nxe6+ Kf7 48.Qf6+  1-0

[Event "Admiral Niels Juel Cup 2013"]
[Site "Koge DEN"]
[Date "2013.04.27"]
[Round "10.16"]
[White "Karunanayake,Ma"]
[Black "Vovk,Ok"]
[Result "0-1"]
[WhiteElo "1614"]
[BlackElo "2133"]

1.e4 e6 2.d4 d5 3.Nd2 Nc6 4.Ngf3 Nf6 5.e5 Nd7 6.Be2 f6 7.exf6 Qxf6 8.Nf1 Bd6
9.Ne3 O-O 10.O-O Qg6 11.c4 Nf6 12.c5 Be7 13.Bb5 Nd7 14.Bxc6 bxc6 15.Re1 e5
16.dxe5 Nxc5 17.Nd4 Nd3 18.Nxc6 Bh4 19.Re2 Qxc6 20.Qxd3 Ba6 21.Rc2 Bxf2+
22.Kh1 Bxd3 23.Rxc6 d4 24.Nd5 Rae8 25.Rxc7 Rxe5 26.Ne7+ Rxe7 27.Rxe7 Bh4
28.Bg5 Bxg5 29.Ree1 Be3 30.h3 Rf2 31.Rad1 Be4  0-1

[Event "48th Capablanca Open II 2013"]
[Site "Havana CUB"]
[Date "2013.04.28"]
[Round "7.11"]
[White "Alvarez Leyva,H"]
[Black "Pozo Bravo,J"]
[Result "0-1"]
[WhiteElo "2095"]
[BlackElo "2214"]

1.e4 e6 2.d4 d5 3.Nd2 Nc6 4.Ngf3 Nf6 5.e5 Nd7 6.c3 f6 7.exf6 Qxf6 8.Bd3 Bd6
9.Nf1 e5 10.dxe5 Ndxe5 11.Be2 O-O 12.Ne3 d4 13.cxd4 Nxd4 14.Nc4 Ndxf3+ 15.gxf3 Nxc4
16.Bxc4+ Kh8 17.Qb3 Bh3 18.Rg1 Rae8+ 19.Be3 Qxf3 20.Be2 Qe4 21.O-O-O Rxf2
22.Rxd6 Rxe2 23.Bd4 Re1+  0-1

[Event "III Miedzyzdroje Open 2013"]
[Site "Miedzyzdroje POL"]
[Date "2013.04.30"]
[Round "4.2"]
[White "Jacek,K"]
[Black "Strzemiecki,Z"]
[Result "1-0"]
[WhiteElo "2098"]
[BlackElo "2446"]

1.e4 e6 2.d4 d5 3.Nd2 Be7 4.Ngf3 Nf6 5.e5 Nfd7 6.Bd3 c5 7.c3 Nc6 8.O-O g5
9.dxc5 Nxc5 10.Bb5 Bd7 11.Qe2 a6 12.Bxc6 bxc6 13.Nd4 Nb7 14.Qh5 c5 15.Ne2 Qc7
16.f4 gxf4 17.Nxf4 Rf8 18.c4 d4 19.Nd3 O-O-O 20.Ne4 Qc6 21.Qe2 Be8 22.Bg5 Bxg5
23.Nxg5 Rg8 24.Nxh7 f5 25.Nf6 Rg7 26.Rf3 Qb6 27.Nf4 Na5 28.Rh3 Bc6 29.Rd1 Bb7
30.Rh6 Qb4 31.b3 Qc3 32.Qd2 Qf3 33.Rg6 Rxg6 34.Nxg6 Qc3 35.Nf4 Nc6 36.Nxe6 Rh8
37.Nxc5 Nxe5 38.Nxb7 Kxb7 39.Qxd4  1-0

[Event "ch-FRA Junior 2013"]
[Site "Saint-Paul-Trois-Chateaux FRA"]
[Date "2013.04.30"]
[Round "4.4"]
[White "Duboue,P"]
[Black "Louis,T"]
[Result "1/2-1/2"]
[WhiteElo "2257"]
[BlackElo "2217"]

1.e4 e6 2.d4 d5 3.Nd2 Nc6 4.Ngf3 Nf6 5.e5 Nd7 6.Bd3 Nb4 7.Be2 c5 8.c3 Nc6
9.O-O Be7 10.Nb3 O-O 11.Ne1 a5 12.f4 cxd4 13.Nxd4 Nc5 14.Kh1 f6 15.exf6 Bxf6
16.Nxc6 bxc6 17.Nd3 Ne4 18.Be3 Rb8 19.Qc2 Ba6 20.Rfe1 Bh4 21.Red1 Qc7 22.Bf3 Bxd3
23.Rxd3 Nd6 24.Bc5 Be7 25.Bg4 Ne4 26.Bxe6+ Kh8 27.Be3 Bc5 28.Bxc5 Nxc5 29.Rh3 Ne4
30.Rf1 Rxf4 31.Rxf4 Qxf4 32.Rf3 Qe5 33.Bf5 Re8 34.Bxe4 dxe4 35.Re3 h6 36.h3 Qf5
37.Qe2 Qd5 38.b4 a4 39.c4 Qd4 40.b5 cxb5 41.cxb5 Qa1+ 42.Kh2 Qe5+ 43.Kh1 Qa1+
44.Kh2 Qe5+ 45.Kh1  1/2-1/2

[Event "45th Italian Teams 2013"]
[Site "Bratto ITA"]
[Date "2013.05.01"]
[Round "7"]
[White "Codenotti,M"]
[Black "Stella,A"]
[Result "0-1"]
[WhiteElo "2385"]
[BlackElo "2477"]

1.e4 e6 2.d4 d5 3.Nd2 Nc6 4.Ngf3 Nf6 5.e5 Nd7 6.Be2 f6 7.exf6 Qxf6 8.Nf1 Bd6
9.Ne3 O-O 10.O-O Qg6 11.c4 Nf6 12.c5 Be7 13.Bb5 Bd7 14.Re1 Qe8 15.Nf1 Ne4
16.Ng3 a6  0-1

[Event "Zonal 2.4 Absoluto 2013"]
[Site "Manaus BRA"]
[Date "2013.05.01"]
[Round "6.13"]
[White "Zallio,L"]
[Black "Gallo Ponce,E"]
[Result "0-1"]
[WhiteElo "2116"]
[BlackElo "2233"]

1.e4 e6 2.d4 d5 3.Nd2 Be7 4.Bd3 c5 5.dxc5 Nf6 6.exd5 Qxd5 7.Ngf3 Nbd7 8.O-O Nxc5
9.Bb5+ Bd7 10.Bxd7+ Ncxd7 11.Nb3 Rc8 12.c3 O-O 13.Be3 b6 14.Qe2 Qh5 15.Bg5 Bd6
16.Qd2 Ne4 17.Qe3 Nxg5 18.Qxg5 Bxh2+ 19.Kh1 Qxg5 20.Nxg5 Bb8 21.Ne4 Ne5 22.Rfd1 Nc4
23.Rab1 h6 24.Ned2 Nd6 25.g3 Rfd8 26.Kg2 Kf8 27.Kf3 Ke7 28.Nd4 e5 29.Nc2 f5
30.Nb4 Ke6 31.Re1 a5 32.Nc2 Nb7 33.Red1 Ba7 34.Na3 Nd6 35.c4 Bb8 36.b3 Nb7
37.Nf1 Bd6 38.Nb5 Bc5 39.Ne3 Bxe3 40.Kxe3 Nd6 41.Nc3 Nf7 42.Rxd8 Nxd8 43.Rd1 Nf7
44.Na4 Rc6 45.Rd5 Nd6 46.f3 Nxc4+ 47.bxc4 Rxc4 48.Nxb6 Rb4 49.Rxa5 Rxb6 50.Ra7 Kf6
51.a4 Rb3+ 52.Kf2 Rb2+ 53.Kf1 Ra2 54.a5 g6 55.Ra8 Kg5 56.a6 f4 57.gxf4+ exf4
58.a7 h5 59.Kg1 Ra4 60.Kg2 Ra3 61.Kf2 Ra2+ 62.Kg1 Kh4 63.Rg8 Rxa7 64.Rxg6 Ra2
65.Rg7 Kh3 66.Rg5 Rb2 67.Rg6 Rb1+ 68.Kf2 Ra1 69.Rg5 Ra2+ 70.Kg1 Rc2 71.Rg7 Rc5
72.Rg6 Kh4 73.Kh2 Rc2+ 74.Kg1 Kh3 75.Rg5 Rd2 76.Rg6 Rd1+ 77.Kf2 Ra1 78.Rg5 Ra2+
79.Kg1 Rb2 80.Rg6 Rb1+ 81.Kf2 Kh2 82.Rg2+ Kh3 83.Rg5 h4 84.Rg1 Rb2+ 85.Kf1 Ra2
86.Rg5 Ra1+ 87.Kf2 Kh2 88.Rg2+ Kh1 89.Rg4 Ra2+ 90.Kf1 Kh2 91.Rxh4+ Kg3 92.Rh8 Ra3
93.Rh7 Rxf3+ 94.Ke2 Re3+ 95.Kf1 Ra3 96.Rf7 Kf3 97.Ke1 Ra1+ 98.Kd2 Kg3 99.Ke2 Ra2+
100.Kf1 Kf3 101.Ke1 Rb2 102.Rf8 Rb1+ 103.Kd2 Kg3 104.Ke2 Rb2+ 105.Kf1 Ra2
106.Rf7 Ra3 107.Rf8 Re3 108.Rg8+ Kf3 109.Rf8 Re5 110.Rf7 Ke3 111.Rf8 Rc5
112.Rf7 Rc2 113.Rf8 Rf2+ 114.Ke1 Rh2 115.Kf1 Kf3 116.Ke1 Rh4 117.Rf7 Rh1+
118.Kd2 Rf1 119.Rf8 Kg2 120.Rg8+ Kf2 121.Rg4 Ra1 122.Rg7 Ra2+ 123.Kd1 Ra4
124.Rg8 Rd4+ 125.Kc2 Kf1 126.Rg7 f3 127.Rg3 f2 128.Rg7 Ke2  0-1

[Event "Nakhchivan Open A 2013"]
[Site "Nakhchivan AZE"]
[Date "2013.05.01"]
[Round "9.24"]
[White "Sevdimaliev,U"]
[Black "Mammadova,G"]
[Result "0-1"]
[WhiteElo "2267"]
[BlackElo "2322"]

1.e4 e6 2.d4 d5 3.Nd2 Nc6 4.Ngf3 Nf6 5.e5 Nd7 6.Nb3 a5 7.a4 b6 8.Bb5 Bb7
9.O-O Qe7 10.Qe2 Na7 11.Ba6 Bxa6 12.Qxa6 Qd8 13.Qe2 Be7 14.Be3 O-O 15.c4 c5
16.Rfd1 cxd4 17.Nbxd4 Nc5 18.cxd5 Qxd5 19.Nf5 Qb7 20.Nxe7+ Qxe7 21.Bg5 Qb7
22.Nd2 Nc6 23.Ne4 Nxe4 24.Qxe4 h6 25.Bh4 Rac8 26.Rd6 Rc7 27.Rad1 b5 28.R6d3 Nb4
29.Rd8 Qxe4  0-1

[Event "Chinese Teams 2013"]
[Site "Tianjin CHN"]
[Date "2013.05.01"]
[Round "2.3"]
[White "Wei Yi"]
[Black "Lou Yiping"]
[Result "1/2-1/2"]
[WhiteElo "2530"]
[BlackElo "2482"]

1.e4 e6 2.d4 d5 3.Nd2 Be7 4.e5 c5 5.Qg4 Kf8 6.dxc5 Nd7 7.Qg3 Nh6 8.Bd3 Nxc5
9.Ne2 Nxd3+ 10.Qxd3 f6 11.f4 Bd7 12.Nd4 Qb6 13.N2f3 Qb4+ 14.c3 Qc4 15.Qe3 Nf5
16.Nxf5 exf5 17.b3 Qa6 18.Nd4 Bc5 19.a4 Bxd4 20.Qxd4 Qb6 21.Qxd5 Be6 22.a5 Qxb3
23.Qc5+ Kf7 24.Qc7+ Kg6 25.h4 Qd5 26.exf6 Kxf6 27.Be3 Rhc8 28.Qe5+ Qxe5 29.fxe5+ Kf7
30.Bd4 Bd5  1/2-1/2

[Event "Chinese Teams 2013"]
[Site "Tianjin CHN"]
[Date "2013.05.01"]
[Round "2.5"]
[White "Zhai Mo"]
[Black "Yuan,Ye"]
[Result "1-0"]
[WhiteElo "2259"]
[BlackElo "2026"]

1.e4 e6 2.d4 d5 3.Nd2 Be7 4.c3 c5 5.dxc5 Nf6 6.exd5 Qxd5 7.b4 a5 8.Ngf3 b6
9.a4 bxc5 10.b5 Nbd7 11.c4 Qf5 12.Bb2 Bb7 13.Qb3 O-O 14.Bd3 Qh5 15.h3 Ng4
16.Ke2 Nge5 17.g4 Qh6 18.Nxe5 Nxe5 19.Bxe5 Bxh1 20.Rxh1 f5 21.f4 Rad8 22.Bc7 Rd7
23.b6 Bd6 24.Qb5 Rxc7 25.bxc7 Qxf4 26.Qd7 Qe5+ 27.Kd1 Bxc7 28.Re1 Qa1+ 29.Nb1 Bg3
30.Rxe6 fxg4 31.Re8 Qf6 32.Qd5+ Kh8 33.Rxf8+ Qxf8 34.hxg4 Qe8 35.Nc3 Be1
36.Qh1  1-0

[Event "ch-USA 2013"]
[Site "Saint Louis USA"]
[Date "2013.05.03"]
[Round "1"]
[White "Bryant,J"]
[Black "Shulman,Y"]
[Result "1/2-1/2"]
[WhiteElo "2442"]
[BlackElo "2570"]

1.e4 e6 2.d4 d5 3.Nd2 a6 4.g3 c5 5.exd5 exd5 6.Bg2 Nf6 7.Ngf3 Nc6 8.O-O cxd4
9.Nb3 Be7 10.Nbxd4 O-O 11.h3 Qb6 12.c3 Bd7 13.Qc2 Rfe8 14.Bf4 Rac8 15.Rad1 h6
16.Rfe1 Bf8 17.Be3 Bc5 18.Qb1 Ne4 19.Rd3 Nxd4 20.Nxd4 Qf6 21.Qd1 Bb5 22.Bxe4 dxe4
23.Rd2 Bd3 24.Qg4 Rcd8 25.Nf5 Bxe3 26.Nxe3 Re5 27.Ng2 Rg5 28.Qh4 Rd6 29.Qf4 Rf5
30.Qe3 Rf3 31.Qc5 Rc6 32.Qa7 b5 33.Nh4 Re6 34.Nxf3 Qxf3 35.Kh2 Qf5 36.Qd4 Rf6
37.Qe3 Qd5 38.b3 Qc6 39.Qd4 Rd6 40.Qb4 Re6 41.Re3 Kh7 42.f3 a5 43.Qd4 Rd6
44.Qe5 Rd5 45.Qf4 f5 46.fxe4 Bxe4 47.Ree2 a4 48.bxa4 bxa4 49.g4 Rxd2 50.Rxd2 Qxc3
51.gxf5 Qc1 52.Rf2 Qb1 53.Kg3 Qd3+ 54.Kh2 Qb1 55.a3 Bd5 56.Qd4 Bc6 57.h4 h5
58.Kg3 Qb3+ 59.Kf4 Qxa3 60.f6 Qf8 61.Ke3 Qa3+ 62.Kf4 Qf8 63.Kg3 Qb8+ 64.Kh3 Qb3+
65.Kh2 Qb8+ 66.Kh3 Qb3+ 67.Kh2 Qb8+ 68.Rf4 Qb1 69.Qf2 Qh1+ 70.Kg3 Bd7 71.Qc2+ Kh6
72.Qg2 Qxg2+ 73.Kxg2 gxf6 74.Rxf6+ Kg7 75.Ra6 Bg4 76.Kg3 Bd1 77.Kf4 Kf7 78.Ke5 Bc2
79.Ra7+ Kg6 80.Kf4 Kf6 81.Ra5 Bd1 82.Rd5 Be2 83.Rd4 a3 84.Ra4 Bg4 85.Rxa3 Ke6
86.Rd3 Kf6 87.Rd6+ Ke7 88.Rb6 Kf7 89.Kg5 Ke7 90.Rf6 Be2 91.Kg6 Bg4 92.Rf1 Ke6
93.Re1+ Kd6 94.Kf6 Kd7 95.Re7+ Kd6 96.Re3 Kd7 97.Kf7 Kd6 98.Rd3+ Ke5 99.Rd8 Bf3
100.Kg6 Ke6 101.Re8+ Kd6 102.Kf6 Bg4 103.Rd8+ Kc6 104.Kg5 Kc5 105.Kf4 Kc6
106.Ke3 Kc7 107.Rd4 Be6 108.Kf4 Kc6 109.Kf3 Kc7 110.Ke3 Kc6 111.Kf4 Bg4 112.Kg5 Kc5
113.Rd8 Kc6 114.Kg6 Kc5 115.Kf7 Kc6 116.Kg6 Kc5 117.Rd2 Kc6 118.Kg7 Kc5 119.Kf6 Kc6
120.Kg6 Kc5 121.Kg5 Kc6 122.Kf4 Kc5 123.Ke3 Kc6 124.Rd4 Be6 125.Kf3 Kc5 126.Ke3 Kc6
127.Rd8 Kc7 128.Rh8 Bg4 129.Rxh5 Bxh5 130.Ke4  1/2-1/2

[Event "46th ch-JPN"]
[Site "Tokyo JPN"]
[Date "2013.05.03"]
[Round "6.8"]
[White "Shiomi,R"]
[Black "Ukai,Hideaki"]
[Result "1-0"]
[WhiteElo "2109"]
[BlackElo "1810"]

1.e4 e6 2.d4 d5 3.Nd2 Be7 4.Ngf3 Nf6 5.Bd3 c5 6.c3 Nc6 7.O-O cxd4 8.cxd4 dxe4
9.Nxe4 O-O 10.Be3 Nb4 11.Bb1 Nbd5 12.Ne5 Nxe4 13.Bxe4 f6 14.Qh5 f5 15.Bc2 Bf6
16.Qe2 Bd7 17.Bb3 Bxe5 18.dxe5 Qa5 19.Rfd1 Bc6 20.Rac1 f4 21.Bd2 f3 22.gxf3 Qd8
23.Bc2 Qh4 24.Be4 Rf4 25.Bxd5 Bxd5 26.Bxf4 Qxf4 27.Rxd5 Qxc1+ 28.Rd1 Qg5+
29.Kh1 Rc8 30.Qe3 Qf5 31.Qe4 Qf7 32.Qg4 Rf8 33.Kg2 h5 34.Qe4 g5 35.Qe3 Kh8
36.Rd6 b6 37.a4 Qe7 38.Qd3 Rf7 39.Qg6 g4 40.fxg4 hxg4 41.Rxe6 Qb7+ 42.Kg1 Qf3
43.Qh6+ Kg8 44.Rg6+  1-0

[Event "Catalan Championship 2013"]
[Site "Barcelona ESP"]
[Date "2013.05.04"]
[Round "1.1"]
[White "Lopez Martinez,Josep"]
[Black "Fluvia Poyatos,Jor"]
[Result "1-0"]
[WhiteElo "2535"]
[BlackElo "2453"]

1.e4 e6 2.d4 d5 3.Nd2 Nc6 4.Ngf3 Nf6 5.e5 Nd7 6.Nb3 a5 7.a4 b6 8.Bb5 Ncb8
9.Bg5 Be7 10.h4 c6 11.Bd3 Ba6 12.Nc1 h6 13.Bxe7 Qxe7 14.c3 c5 15.Bb5 Bxb5
16.axb5 cxd4 17.Qxd4 Qc5 18.Qa4 Qc7 19.Nd3 Nc5 20.Nxc5 Qxc5 21.Qg4 Nd7 22.Nd4 g6
23.h5 g5 24.f4 Qc4 25.Rh3 Nc5 26.Rd1 Rg8 27.f5 a4 28.Rf3 a3 29.b3 Nxb3 30.fxe6 Rf8
31.exf7+ Kd8 32.Qe6  1-0

[Event "Glenco IM 2013"]
[Site "Fredericia DEN"]
[Date "2013.05.05"]
[Round "9.4"]
[White "Westerinen,H"]
[Black "Lund,E"]
[Result "0-1"]
[WhiteElo "2335"]
[BlackElo "2412"]

1.e4 e6 2.d4 d5 3.Nd2 Nc6 4.Ngf3 Nf6 5.e5 Nd7 6.c4 Be7 7.a3 f6 8.cxd5 exd5
9.Bb5 fxe5 10.dxe5 O-O 11.Bxc6 bxc6 12.O-O c5 13.Re1 Nb6 14.h3 Bb7 15.b3 Qe8
16.Nh2 Rd8 17.Ndf1 d4 18.Qd3 Qc6 19.f3 c4 20.bxc4 Qxc4 21.Qxc4+ Nxc4 22.Ng4 c5
23.Bd2 Bd5 24.Nf2 Nxd2 25.Nxd2 c4 26.Nde4 Rd7 27.Red1 Be6 28.a4 a5 29.Rab1 Bb4
30.Ng5 Bf5 31.Rbc1 c3 32.g4 Bg6 33.Ne6 c2 34.Rxd4 Rxd4 35.Nxd4 Bc5 36.Nf5 Rxf5
37.gxf5 Bxf5 38.e6 Be3 39.e7 Kf7  0-1

[Event "14th Euro Indiv 2013"]
[Site "Legnica POL"]
[Date "2013.05.07"]
[Round "3.27"]
[White "Sutovsky,E"]
[Black "Arizmendi Martinez,J"]
[Result "0-1"]
[WhiteElo "2673"]
[BlackElo "2571"]

1.e4 e6 2.d4 d5 3.Nd2 Be7 4.Ngf3 Nf6 5.e5 Nfd7 6.Bd3 c5 7.c3 b6 8.Qe2 a5
9.O-O Ba6 10.c4 Nc6 11.cxd5 Bxd3 12.Qxd3 exd5 13.Qb5 Rc8 14.dxc5 bxc5 15.Nb3 Qb6
16.Qe2 Nf8 17.Ng5 Bxg5 18.Bxg5 Ne6 19.Be3 a4 20.Nd2 Qxb2 21.f4 O-O 22.Rab1 Qc2
23.f5 Ned4 24.Bxd4 Nxd4 25.Qf2 Nxf5 26.Rb7 Nh6 27.Qf4 c4 28.e6 fxe6 29.Qe5 Qg6
30.Rxf8+ Rxf8 31.Rb8 Qf7 32.Rxf8+ Kxf8 33.Nf3 Ng4 34.Qd4 Nf6 35.Ng5 Qe7 36.Qe5 h6
37.Nf3 Kg8 38.Nd4 c3 39.Qb8+ Kh7 40.Qc8 Ne4  0-1

[Event "Catalan Championship 2013"]
[Site "Barcelona ESP"]
[Date "2013.05.08"]
[Round "3.1"]
[White "Lorenzo de la Riva,L"]
[Black "Perez Mitjans,O"]
[Result "0-1"]
[WhiteElo "2423"]
[BlackElo "2483"]

1.e4 e6 2.d4 d5 3.Nd2 Nc6 4.Ngf3 Nf6 5.e5 Nd7 6.Be2 f6 7.exf6 Qxf6 8.Nf1 Bd6
9.Ne3 O-O 10.O-O Ne7 11.Ng4 Qg6 12.Nh4 Qe8 13.f4 c5 14.c3 cxd4 15.cxd4 Nc6
16.Be3 Qd8 17.g3 Nf6 18.Nxf6+ Qxf6 19.Nf3 Bd7 20.Ne5 Be8 21.a3 Qe7 22.Nxc6 Bxc6
23.b4 Be8 24.Qb3 Bg6 25.Rf2 Rac8 26.Bf1 Rc7 27.Re1 Rfc8 28.Bd2 Qf6 29.Qe3 Be4
30.Bg2 Bxg2 31.Kxg2 Re7 32.Bc3 Qf5 33.Qf3 Rec7 34.Re3 Rc4 35.h4 h5 36.Rfe2 b5
37.Be1 Rc2 38.Bf2 Kh7 39.Rxe6 R8c3 40.R6e3 Rxe2 41.Qxe2 Rc4 42.Re8 Rc3 43.Re3 Rc4
44.Re6 Rc2 45.Qe3 Bc7 46.Re7 Qg6 47.Qf3 Qf5 48.Re2 Rc4 49.Re8 Rc2 50.Qe3 Ra2
51.Re7 Bd6 52.Re6 Rxa3 53.Qe2 Bc7 54.Re7 Rc3 55.Qxb5 Bxf4 56.Qd7 Qg6 57.Qxd5 Bxg3
58.Re6 Qg4 59.Qe4+ Qxe4+ 60.Rxe4 Bxf2 61.Kxf2 Rc4 62.Ke3 Rxb4 63.Re5 Kh6
64.Re6+ g6 65.Ra6 Rb3+ 66.Ke4 Rh3 67.d5 Rxh4+ 68.Ke5 Rh1 69.Rxa7 Re1+ 70.Kf6 Rf1+
71.Ke6 g5 72.d6 Re1+ 73.Kf6 Rd1 74.d7 g4 75.Ke7 Kg5 76.Ra1 Rxd7+ 77.Kxd7 g3
78.Ke6 h4 79.Ke5 g2 80.Ra8 Kg4 81.Ra4+ Kg3 82.Ra3+ Kh2 83.Ra2 Kh1  0-1

[Event "14th Euro Indiv 2013"]
[Site "Legnica POL"]
[Date "2013.05.08"]
[Round "4.120"]
[White "Matsenko,S"]
[Black "Hristodoulou,P"]
[Result "1/2-1/2"]
[WhiteElo "2485"]
[BlackElo "2219"]

1.e4 e6 2.d4 d5 3.Nd2 Be7 4.Ngf3 Nf6 5.Bd3 c5 6.c3 Nc6 7.O-O dxe4 8.Nxe4 cxd4
9.cxd4 O-O 10.Be3 Nb4 11.Nxf6+ Bxf6 12.Be4 Nd5 13.Qd3 g6 14.Bh6 Re8 15.Ne5 Bd7
16.Rfd1 Bc6 17.Qf3 Rc8 18.g3 Nb4 19.Bxc6 Nxc6 20.Ng4 Bxd4 21.Qf4 f5 22.Bg5 Qb6
23.Nf6+ Bxf6 24.Bxf6 Qc7 25.Qe3 Qf7 26.Bc3 e5 27.Qg5 Qe7 28.Qh6 Rcd8 29.h4 Nd4
30.Bxd4 exd4 31.Rd3 Qe2 32.Rd2 Qe4 33.h5 Qg4 34.Rad1 Re6 35.Kg2 Qe4+ 36.f3 Qe5
37.Qf4 Qxf4 38.gxf4 gxh5 39.Rxd4 Rxd4 40.Rxd4 Re2+ 41.Kg3 Rxb2 42.Rd7 Rb4
43.a3 Rb3 44.a4 a5 45.Rd5 b6 46.Rxf5 Rb4  1/2-1/2

[Event "Catalan Championship 2013"]
[Site "Barcelona ESP"]
[Date "2013.05.09"]
[Round "3.3"]
[White "Lorenzo de la Riva,L"]
[Black "Perez Mitjans,O"]
[Result "1/2-1/2"]
[WhiteElo "2423"]
[BlackElo "2483"]

1.e4 e6 2.d4 d5 3.Nd2 Nc6 4.Ngf3 Nf6 5.e5 Nd7 6.Bd3 Nb4 7.Be2 c5 8.c3 Nc6
9.O-O cxd4 10.cxd4 f6 11.exf6 Nxf6 12.b3 Bd6 13.Bb2 Qb6 14.a3 a5 15.Rc1 O-O
16.Bd3 Bd7 17.Re1 Rae8 18.Re2 Nh5 19.g3 Nf6 20.Kg2 Re7 21.Qe1 Qd8 22.Ne5 Bxe5
23.dxe5 Ng4 24.f4 Nh6 25.Nf3 Nf5 26.Bxf5 Rxf5 27.Bd4 Be8 28.Bc5 Rd7 29.Nd4 Nxd4
30.Bxd4 Rdf7 31.Rec2 Bc6 32.Qe3 g5 33.fxg5 Rf3 34.Qd2 Rxb3 35.Rc3 Rxc3 36.Rxc3 Rf5
37.h4 Qe8 38.g4 Rf8 39.Kg3 Rf1 40.Rc1 Qf8 41.Rxf1 Qxf1 42.h5 Bb5 43.Qxa5 Qd3+
44.Kh4 Qxd4 45.Qd8+ Kf7 46.g6+ hxg6 47.Qf6+ Ke8 48.Qxe6+ Kd8 49.Qf6+ Kc7
50.hxg6 Bd3 51.g7 Bh7 52.Qd6+ Kc8 53.Qe6+ Kc7 54.Qf7+ Kb6 55.e6 Qe3 56.Qf6 Qe1+
57.Kg5 Qe3+ 58.Kh4 Qe1+ 59.Kg5 Qe3+ 60.Kh4 Qe1+ 61.Kg5 Qe3+ 62.Kh4 Qe1+  1/2-1/2

[Event "Asian Zonal 3.1 2013"]
[Site "Doha QAT"]
[Date "2013.05.10"]
[Round "7.1"]
[White "Darini,P"]
[Black "Khader,Sam"]
[Result "1-0"]
[WhiteElo "2530"]
[BlackElo "2374"]

1.e4 e6 2.d4 d5 3.Nd2 Nc6 4.Ngf3 Nf6 5.e5 Nd7 6.Nb3 Be7 7.Bb5 a6 8.Bxc6 bxc6
9.Na5 Nb8 10.Be3 Qd7 11.O-O c5 12.dxc5 Qb5 13.Nb3 a5 14.Nfd4 Qd7 15.Qg4 g6
16.a4 h5 17.Qd1 c6 18.Qd2 Qc7 19.Bg5 Bf8 20.Rfe1 Nd7 21.Qc3 Bg7 22.f4 Bf8
23.Kh1 Bg7 24.Qh3 Nf8 25.Bf6 Bxf6 26.exf6 Qxf4 27.Nxc6 Qxf6 28.Rf1 Qg7 29.Qg3 f6
30.Qd6 Qd7 31.Rxf6 Qxd6 32.cxd6 Kd7 33.Nbxa5 Kxd6 34.b4 Bd7 35.b5 Be8 36.c4 Nd7
37.Rff1 d4 38.Nb3 e5 39.a5 Rf8 40.Rxf8 Nxf8 41.Nb4 Ne6 42.b6 Nc5 43.Nxc5 Kxc5
44.b7 Rd8 45.Na6+ Kxc4 46.Rc1+ Kb5 47.Rc8  1-0

[Event "14th Euro Indiv 2013"]
[Site "Legnica POL"]
[Date "2013.05.11"]
[Round "7.23"]
[White "Sjugirov,S"]
[Black "Arizmendi Martinez,J"]
[Result "1-0"]
[WhiteElo "2654"]
[BlackElo "2571"]

1.e4 e6 2.d4 d5 3.Nd2 Be7 4.Ngf3 Nf6 5.e5 Nfd7 6.Bd3 c5 7.c3 b6 8.O-O Ba6
9.Ne1 Qc8 10.Qg4 g6 11.Ndf3 h6 12.a3 Nc6 13.b4 Bxd3 14.Nxd3 cxd4 15.cxd4 Qa6
16.Rd1 Nxb4 17.Nxb4 Bxb4 18.Bxh6 Bc3 19.Rac1 Bb2 20.Rb1 Bxa3 21.Qf4 Be7 22.Rbc1 Qe2
23.Re1 Qd3 24.Rc7 Bd8 25.Rc6 Qf5 26.Qc1 a5 27.h3 a4 28.Rc3 Qh5 29.Bg7 Rg8
30.Bf6 Nxf6 31.exf6 Qf5 32.Ne5 Qxf6 33.Rf3  1-0